Komunikácia podniku v podmienkach hospodárskej krízy dizertačná práca

Salvato in:
Dettagli Bibliografici
Autore principale: Trnovcová, Daniela
Ente Autore: Fakulta podnikového manažmentu EU. Katedra manažmentu
Altri autori: Szarková, Miroslava, 1951-
Natura: Libro
Lingua:slovacco
Pubblicazione: Bratislava 2016
Soggetti:
Tags: Aggiungi Tag
Nessun Tag, puoi essere il primo ad aggiungerne!!

MARC

LEADER 00000nbm a2200000 4500
001 0222121
005 20240502073636.0
041 0 |a slo 
044 |a SK 
245 1 0 |a Komunikácia podniku v podmienkach hospodárskej krízy  |b dizertačná práca  |c Daniela Trnovcová ; školiteľ: Miroslava Szarková 
264 1 |a Bratislava  |c 2016 
300 |a 161 s. 
610 2 0 |a komunikácia 
610 2 0 |a podnik 
610 2 0 |a kríza hospodárska 
610 2 0 |a komunikácia firemná 
100 1 |a Trnovcová, Daniela 
700 1 |a Szarková, Miroslava, 1951- 
710 2 |a Fakulta podnikového manažmentu EU. Katedra manažmentu